Statistiques concernant Termine les paroles

Cliquez ici pour prendre le quiz!

Statistiques générales

  • Ce quiz a été pris 2 097 fois
  • Le résultat moyen est 4 sur 8

Statistiques - réponses

QuestionsParoles% Correct
Stromae, Papaoutai, 5 mots à retrouver.Dites-moi d’où il vient .Enfin je serai où je vais.Maman dit que lorsqu’ on cherche bien..................On finit toujours par trouver
93%
Soprano, En Feu, 5 mots à retrouver.Comme Zinedine Zidane face................À l’équipe du Brésil
79%
Bigflo et Oli,sur la lune,3 mots à retrouver.Un jour, j’irais sur la lune, un jour, j’irais et si je disais que j’en étais sûr.................Je te mentirais
68%
Frero Delavega, Le Chant Des Sirènes,3 mots à retrouver.Quand les souvenirs s’ en mêlent, les larmes me viennent et le chant des sirènes me replonge en hiver................Oh mélancolie cruelle
62%
Gims,Bella,7 mots à retrouver.C’ était un phénomène, elle n’ était pas humaine le genre de femme qui, change le plus grand délinquant en gentleman une beauté sans pareille.........Tout le monde veut s en emparer
41%
Angèle, Flou, 8 mots à retrouver.On connaît tous la pression tu t’sens comme la reine du monde mais c’est qu’ une impression..................Les gens t aiment pas pour de vrai
38%
M.Pokora, les planètes, 3 mots à retrouver.Un shot, je pense à toi deux shots, je pense à toi trois shots, je pense à toi................Quand je danse
33%
Jennifer et Slimane, Les Choses Simples, 5 mots à retrouver.Emmène moi en balade le long des quais ou en forêt .................Tu pourrais me rendre malade
14%

Distribution des résultats

Percentile par nombre de réponses

% des personnes avec chaque résultat

Votre développement - résultats

Vous n’avez pas pris ce quiz